000 00585nam a2200193 a 4500
001 001109958
003 AM-YeHGA
005 20250617151741.0
008 151030s2000 sy b r 000 0 ara d
040 _aAM-YeHGA
041 0 _aara
245 0 0 _aՍիրիայի տարրական դպրոցների կանոնադրություն.
260 _aՍիրիա
_aԱ. հ.
_aԱ. թ.
300 _a30 էջ.
546 _aՏեքստը արաբերեն լ.
650 1 4 _aՍիրիա
650 1 4 _aԴպրոցներ, վարժարաններ
_vԿանոնադրություն
090 _c359304
999 _c357484
_d357484